MARC details
| 000 -LEADER |
| fixed length control field |
03308cam a22005775i 4500 |
| 001 - CONTROL NUMBER |
| control field |
20694336 |
| 003 - CONTROL NUMBER IDENTIFIER |
| control field |
ARRUPE |
| 005 - DATE AND TIME OF LATEST TRANSACTION |
| control field |
20190603120704.0 |
| 008 - FIXED-LENGTH DATA ELEMENTS--GENERAL INFORMATION |
| fixed length control field |
181002s2018 enkac 001 0 eng d |
| 010 ## - LIBRARY OF CONGRESS CONTROL NUMBER |
| LC control number |
2018288762 |
| 020 ## - INTERNATIONAL STANDARD BOOK NUMBER |
| International Standard Book Number |
9781474255622 |
| Qualifying information |
(pbk.) |
| 020 ## - INTERNATIONAL STANDARD BOOK NUMBER |
| International Standard Book Number |
1474255620 |
| 020 ## - INTERNATIONAL STANDARD BOOK NUMBER |
| International Standard Book Number |
9781474255660 |
| Qualifying information |
(hardback) |
| 020 ## - INTERNATIONAL STANDARD BOOK NUMBER |
| International Standard Book Number |
1474255663 |
| 020 ## - INTERNATIONAL STANDARD BOOK NUMBER |
| International Standard Book Number |
9781474255646 |
| Qualifying information |
(ePDF) |
| 020 ## - INTERNATIONAL STANDARD BOOK NUMBER |
| International Standard Book Number |
1474255647 |
| Qualifying information |
(ePDF) |
| 020 ## - INTERNATIONAL STANDARD BOOK NUMBER |
| International Standard Book Number |
9781474255639 |
| Qualifying information |
(ePub) |
| 020 ## - INTERNATIONAL STANDARD BOOK NUMBER |
| International Standard Book Number |
1474255639 |
| Qualifying information |
(ePub) |
| 035 ## - SYSTEM CONTROL NUMBER |
| System control number |
(OCoLC)ocn987796756 |
| 040 ## - CATALOGING SOURCE |
| Original cataloging agency |
BTCTA |
| Language of cataloging |
eng |
| Transcribing agency |
BTCTA |
| Description conventions |
rda |
| Modifying agency |
YDX |
| -- |
BDX |
| -- |
UZ0 |
| -- |
GCB |
| -- |
STF |
| -- |
YDX |
| -- |
UCW |
| -- |
CTW |
| -- |
GYG |
| -- |
TTU |
| -- |
OCLCF |
| -- |
DLC |
| 042 ## - AUTHENTICATION CODE |
| Authentication code |
lccopycat |
| 050 ## - LIBRARY OF CONGRESS CALL NUMBER |
| Classification number |
LB775.F763 D216 |
| 082 04 - DEWEY DECIMAL CLASSIFICATION NUMBER |
| Classification number |
370.11/5 |
| Edition number |
23 |
| 082 04 - DEWEY DECIMAL CLASSIFICATION NUMBER |
| Classification number |
370.1092 |
| Edition number |
23 |
| 300 ## - PHYSICAL DESCRIPTION |
| Other physical details |
illustrations, portraits ; |
| Dimensions |
23 cm |
| 100 1# - MAIN ENTRY--PERSONAL NAME |
| Personal name |
Darder, Antonia, |
| Relator term |
author. |
| 9 (RLIN) |
46589 |
| 245 14 - TITLE STATEMENT |
| Title |
The student guide to Freire's Pedagogy of the Oppressed / |
| Statement of responsibility, etc |
Antonia Darder. |
| 260 ## - PUBLICATION, DISTRIBUTION, ETC. (IMPRINT) |
| Place of publication, distribution, etc |
London |
| Name of publisher, distributor, etc |
Bloomsbury Academy |
| Date of publication, distribution, etc |
2018 |
| 300 ## - PHYSICAL DESCRIPTION |
| Extent |
xxiii, 191 p. : |
| 500 ## - GENERAL NOTE |
| General note |
"With a preface by Donaldo Macedo and an interview with Ana Maria Araújo Freire"--Cover. |
| 500 ## - GENERAL NOTE |
| General note |
Preface by Antonia Darder. |
| 500 ## - GENERAL NOTE |
| General note |
Foreword by Donaldo Macedo. |
| 500 ## - GENERAL NOTE |
| General note |
"Impact, influences, and legacy: an interview with Ana Maria Araújo Freire": Pages [151]-171. |
| 504 ## - BIBLIOGRAPHY, ETC. NOTE |
| Bibliography, etc |
Includes bibliographical references and index. |
| 505 0# - FORMATTED CONTENTS NOTE |
| Formatted contents note |
Foreword / Donaldo Macedo -- Lived history -- Intellectual history -- In dialogue with the text: Major themes, chapter-by-chapter -- Impact, influences and, legacy: An interview with Ana Maria Araújo Freire. |
| 520 ## - SUMMARY, ETC. |
| Summary, etc |
Antonia Darder closely examines Freire's ideas as they are articulated in Pedagogy of the Oppressed, beginning with a historical discussion of his life and a systematic discussion of the central philosophical traditions that informed his revolutionary ideas. Darder explores Freire's fundamental themes and ideas, including issues of humanization, teacher/student relationship, reflection, dialogue, praxis, and his larger emancipatory vision. The book also includes a chapter-by-chapter close reading of the text with sample questions to prompt discussion and engagement with Freire's ideas, as well as a new interview with Freire's widow, Ana Maria Araújo Freire, and a preface by Donaldo Macedo. -- from back cover. |
| 600 10 - SUBJECT ADDED ENTRY--PERSONAL NAME |
| Personal name |
Freire, Paulo, |
| Dates associated with a name |
1921-1997. |
| Title of a work |
Pedagogy of the oppressed |
| 9 (RLIN) |
46590 |
| 650 #0 - SUBJECT ADDED ENTRY--TOPICAL TERM |
| Topical term or geographic name as entry element |
Education |
| General subdivision |
Philosophy. |
| 9 (RLIN) |
46591 |
| 650 #7 - SUBJECT ADDED ENTRY--TOPICAL TERM |
| Topical term or geographic name as entry element |
Education |
| General subdivision |
Philosophy. |
| Source of heading or term |
fast |
| 9 (RLIN) |
46591 |
| 700 1# - ADDED ENTRY--PERSONAL NAME |
| Personal name |
Macedo, Donaldo P. |
| Fuller form of name |
(Donaldo Pereira), |
| Dates associated with a name |
1950- |
| Relator term |
author of foreword. |
| 9 (RLIN) |
46592 |
| 700 1# - ADDED ENTRY--PERSONAL NAME |
| Personal name |
Freire, Ana Maria Araújo, |
| Dates associated with a name |
1933- |
| 9 (RLIN) |
46593 |
| 700 1# - ADDED ENTRY--PERSONAL NAME |
| Personal name |
Freire, Paulo, |
| Dates associated with a name |
1921-1997. |
| Title of a work |
Pedagogia do oprimido. |
| Language of a work |
Spanish. |
| 9 (RLIN) |
46594 |
| 700 1# - ADDED ENTRY--PERSONAL NAME |
| Personal name |
Freire, Paulo, |
| Dates associated with a name |
1921-1997. |
| Title of a work |
Pedagogia do oprimido. |
| Language of a work |
English. |
| 9 (RLIN) |
46595 |
| 906 ## - LOCAL DATA ELEMENT F, LDF (RLIN) |
| a |
0 |
| b |
ibc |
| c |
copycat |
| d |
2 |
| e |
ncip |
| f |
20 |
| g |
y-gencatlg |
| 942 ## - ADDED ENTRY ELEMENTS (KOHA) |
| Source of classification or shelving scheme |
Library of Congress Classification |
| Koha item type |
Monograph ( Printed materials) |